000 00681nam a2200181Ia 4500
008 090124s9999 xx 000 0 und d
082 _b128384
100 _aदेसाई जयश्री
245 _a राजयोगी नेता : अटल बिहारी वाजपेयी
250 _a1
260 _c1998
300 _a167
600 _aदेसाई जयश्री
630 _a राजयोगी नेता : अटल बिहारी वाजपेयी
700 _aदेसाई जयश्री
730 _a राजयोगी नेता : अटल बिहारी वाजपेयी
942 _cBOOK
999 _c174473
_d174473